| 000 | 00794nam a22001697a 4500 | ||
|---|---|---|---|
| 020 | _a9785050010055 | ||
| 041 | _aeng | ||
| 080 | _a81.1 | ||
| 090 | _bРИО | ||
| 100 | _aРиордан, Д. | ||
| 245 | _aНародные сказки британских островов | ||
| 260 |
_aМосква _bРадуга _c1987 |
||
| 300 | _a368 | ||
| 520 |
_aВ сборнике представлены народные сказки различных регионов Британских островов. В приложение включены избранные переводы сказок на русский язык.
Издание включает предисловие и комментарии к текстам. _0Tale, Folklore, Britain |
||
| 650 | _aReading | ||
| 999 |
_c279865 _d279865 |
||
| 942 | _cBK | ||